100 Nocturnal Animals - Statistics

General Stats
  • This quiz has been taken 38 times
  • The average score is 20 of 98
Answer Stats
Type of Animal Order/Family General Activity Answer % Correct
Bird Strigiformes Nocturnal Owl
87%
Placental Mammal Chiroptera Mostly Nocturnal Bat
74%
Placental Mammal Felidae Depends on Location Leopard
61%
Placental Mammal Felidae Crepuscular Lion
61%
Placental Mammal Procyonidae Nocturnal Raccoon
58%
Marsupial Mammal Didelphidae Nocturnal Opossum
55%
Placental Mammal Felidae Nocturnal Tiger
55%
Placental Mammal Canidae Nocturnal Coyote
48%
Placental Mammal Felidae Mostly Nocturnal Jaguar
45%
Marsupial Mammal Phascolarctidae Nocturnal Koala
45%
Placental Mammal Muridae Nocturnal Mouse
45%
Placental Mammal Felidae Partially Nocturnal Cheetah
39%
Placental Mammal Felidae Mostly Nocturnal Cougar
39%
Placental Mammal Hyaenidae Nocturnal Hyena
39%
Marsupial Mammal Macropodidae Nocturnal Kangaroo
39%
Placental Mammal Castoridae Nocturnal Beaver
35%
Placental Mammal Canidae Depends on Location Dingo
32%
Placental Mammal Canidae Nocturnal Gray wolf
32%
Placental Mammal Elephantidae Crepuscular African elephant
29%
Placental Mammal Mustelidae Nocturnal Badger
29%
Placental Mammal Felidae Mostly Nocturnal Ocelot
29%
Placental Mammal Ursidae Partially Nocturnal Polar Bear
29%
Arachnid Scorpiones Mostly Nocturnal Scorpion
29%
Placental Mammal Orycteropodidae Nocturnal Aardvark
26%
Placental Mammal Daubentoniidae Nocturnal Aye-aye
26%
Placental Mammal Cricetidae Partially Nocturnal Hamster
26%
Placental Mammal Hippopotamidae Mostly Nocturnal Hippopotamus
26%
Placental Mammal Talpidae Nocturnal Mole
26%
Bird Caprimulgidae Nocturnal Nightjar
26%
Monotreme Ornithorhynchidae Nocturnal Platypus
26%
Placental Mammal Mephitidae Nocturnal Skunk
26%
Marsupial Mammal Dasyuridae Nocturnal Tasmanian devil
26%
Marsupial Mammal Vombatidae Mostly Nocturnal Wombat
26%
Placental Mammal Chinchillidae Crepuscular Chinchilla
23%
Placental Mammal Erinaceidae Nocturnal Hedgehog
23%
Placental Mammal Delphinidae Nocturnal Orca
23%
Placental Mammal Mustelidae Nocturnal Otter
23%
Placental Mammal Hystricidae Nocturnal Porcupine
23%
Placental Mammal Felidae Mostly Nocturnal Puma
23%
Placental Mammal Canidae Nocturnal Red fox
23%
Placental Mammal Tarsiidae Nocturnal Tarsier
23%
Placental Mammal Caviidae Mostly Nocturnal Capybara
19%
Placental Mammal Muridae Partially Nocturnal Gerbil
19%
Placental Mammal Lorisidae Nocturnal Slow loris
19%
Placental Mammal Viverridae Mostly Nocturnal Binturong
16%
Placental Mammal Rhinocerotidae Nocturnal Black rhinoceros
16%
Fish Siluriformes Mostly Nocturnal Catfish
16%
Placental Mammal Viverridae Mostly Nocturnal Civet
16%
Placental Mammal Procyonidae Nocturnal Kinkajou
16%
Placental Mammal Mustelidae Crepuscular Mink
16%
Arachnid Theraphosidae Partially Nocturnal Tarantula
16%
Placental Mammal Muridae Nocturnal Black rat
13%
Placental Mammal Muridae Nocturnal Brown rat
13%
Placental Mammal Felidae Nocturnal Caracal
13%
Insect Blattodea Nocturnal Cockroach
13%
Insect Orthoptera Nocturnal Cricket
13%
Insect Lampyridae Nocturnal Firefly
13%
Placental Mammal Galagidae Nocturnal Galago
13%
Bird Muscicapidae Nocturnal Nightingale
13%
Placental Mammal Pholidota Nocturnal Pangolin
13%
Placental Mammal Ursidae Partially Nocturnal Spectacled Bear
13%
Reptile Pythonidae Nocturnal Ball python
10%
Marsupial Mammal Peramelidae Nocturnal Bandicoot
10%
Marsupial Mammal Thylacomyidae Nocturnal Bilby
10%
Placental Mammal Felidae Nocturnal Black-footed cat
10%
Reptile Crocodylidae Nocturnal Dwarf crocodile
10%
Fish Lamnidae Mostly Nocturnal Great white shark
10%
Placental Mammal Felidae Nocturnal Oncilla
10%
Placental Mammal Dasyuridae Nocturnal Quoll
10%
Placental Mammal Procyonidae Nocturnal Ringtail
10%
Placental Mammal Lorisidae Nocturnal Slender loris
10%
Marsupial Mammal Petauridae Nocturnal Sugar Glider
10%
Placental Mammal Cervidae Crepuscular White-tailed deer
10%
Placental Mammal Canidae Nocturnal Bat-eared fox
6%
Placental Mammal Muridae Nocturnal Bush rat
6%
Placental Mammal Mustelidae Nocturnal Honey badger
6%
Placental Mammal Canidae Nocturnal Kit fox
6%
Reptile Eublepharidae Nocturnal Leopard gecko
6%
Placental Mammal Felidae Nocturnal Margay
6%
Placental Mammal Aotidae Nocturnal Owl monkey
6%
Amphibian Hylidae Nocturnal Red-eyed tree frog
6%
Bird Caprimulgidae Nocturnal Whip-poor-will
6%
Bird Oceanitidae Nocturnal while breeding White-faced storm petrel
6%
Placental Mammal Procyonidae Nocturnal Cacomistle
3%
Placental Mammal Muridae Nocturnal Cyprus spiny mouse
3%
Placental Mammal Indriidae Nocturnal Eastern woolly lemur
3%
Placental Mammal Sciuridae Nocturnal Flying squirrel
3%
Invertebrate Limacidae Nocturnal Great gray slug
3%
Crustacean Decapoda Nocturnal Hermit crab
3%
Placental Mammal Choloepodidae Nocturnal Hoffmann's two-toed sloth
3%
Placental Mammal Dipodidae Nocturnal Iranian jerboa
3%
Placental Mammal Dasypodidae Nocturnal Nine-banded armadillo
3%
Amphibian Hylidae Nocturnal Paradoxical Frog
3%
Placental Mammal Muridae Nocturnal Rabbit rat
3%
Placental Mammal Lepilemuridae Nocturnal Sportive lemur
3%
Placental Mammal Leporidae Nocturnal Tapeti
3%
Annelid Euonychophora Nocturnal Velvet worm
3%
Placental Mammal Indriidae Nocturnal Western woolly lemur
3%
No matching quizzes found
Score Distribution
Percent of People with Each Score
Percentile by Number Answered
Your Score History
You have not taken this quiz